Nuestra casa, nuestro rio, nuestro mar, nuestro planeta sanos y limpios: una guía para la reducción de tóxicos en el hogar, oficina y hoteles (Registro nro. 3416)

Detalles MARC
000 -Cabecera
Campo de control de longitud fija 00727aam a2200241 4500
005 - Fecha y hora de la última transacción
Campo de control 20250812111451.0
008 - Elementos de longitud fija--Información general
Campo de control de longitud fija 150227b1998 xxu||||| |||| 00| 0 eng d
020 ## - International Standard Book Number
Número Internacional Estándar del Libro (ISBN) 996898583X
041 ## - Idioma
Código de idioma Español
082 ## - Clasificación Decimal Dewey
Número de clasificación 577.27 A837n
100 ## - Entrada principal--Autor personal
Nombre personal Asociación Conservacionista Yisky
9 (RLIN) 29094
245 ## - Título propiamente dicho
Título Nuestra casa, nuestro rio, nuestro mar, nuestro planeta sanos y limpios: una guía para la reducción de tóxicos en el hogar, oficina y hoteles
260 ## - Pie de imprenta
Lugar de publicación, distribución, etc. Costa Rica
260 ## - Pie de imprenta
Nombre del editor, distribuidor, etc. Ferlini
260 ## - Pie de imprenta
Fecha de publicación, distribución, etc. 1998
300 ## - Descripción física
Extensión 40 páginas
490 ## - Serie
Título de la Serie Temática General
650 ## - Materia general
Temática (materia general) TOXICOLOGÍA AMBIENTAL
650 ## - Materia general
Temática (materia general) PRODUCTOS NOCIVOS
650 ## - Materia general
Temática (materia general) SUSTANCIAS TÓXICAS
650 ## - Materia general
Temática (materia general) CONTAMINANTES
942 ## - Punto de acceso adicional KOHA
Tipo de ítem KOHA Libro
Fuente del sistema de clasificación o colocación Dewey Decimal Classification
Existencias
Signatura completa Código de barras Programa Académico Tipo de ítem
577.27 A837n 12484 Temática General Libro